Declaración de impacto ambiental: línea de transmisión subterránea 110 kV Miraflores-Marga Marga, segundo circuito, región de Valparaíso

Guardat en:
Dades bibliogràfiques
Autor corporatiu: CGE Transmisión S.A (Autor)
Format: Llibre
Idioma:espanyol
Publicat: Viña del Mar CGE Transmisión S.A 2004
Matèries:
Etiquetes: Afegir etiqueta
Sense etiquetes, Sigues el primer a etiquetar aquest registre!

MARC

LEADER 00000nam a2200000 a 4500
001 UCK4782
003 CL-VaPUC
008 050624e20040000CL |||||||||||||||||spa|d
082 0 4 |a 363.732  |b CGE  |2 21 
110 2 |a CGE Transmisión S.A  |e author  |9 493350 
245 1 0 |a Declaración de impacto ambiental: línea de transmisión subterránea 110 kV Miraflores-Marga Marga, segundo circuito, región de Valparaíso 
300 |a Pág. irreg 
942 |c BK 
945 |d 20050624 00:00:00  |a cmena 
260 |a Viña del Mar  |b CGE Transmisión S.A  |c 2004 
500 |a Incluye Planos 
650 0 |a Impacto ambiental  |9 262796 
650 7 |a ENERGIA ELCTRICA  |2 CL-VaPUC  |9 493351 
650 7 |a CABLES SUBTERRANEOS  |2 CL-VaPUC  |9 493352 
650 0 |a Protección del medio ambiente  |9 257626 
650 0 |a Responsabilidad social  |9 339076 
651 0 |a Viña del Mar  |9 327030 
651 0 |a Región 05  |9 267528 
583 |a last modification  |c 20050624 00:00:00  |k Rodrigo Vera 
999 |c 313526  |d 313524 
952 |0 0  |1 0  |4 0  |6 363_732000000000000_CGE_2004  |7 0  |8 P  |9 384931  |a BIBING  |b BIBING  |d 2019-11-22  |i 4137345  |o 363.732 CGE 2004  |p 4137345  |r 2025-01-20  |w 2019-11-22  |y BK  |k CCL